Capital Cities that start with B - Statistics

General Stats
  • This quiz has been taken 54 times
  • The average score is 22 of 26
Answer Stats
Hint Answer % Correct
Iraq Baghdad
100%
Lebanon Beirut
98%
Thailand Bangkok
96%
China Beijing
96%
Germany Berlin
96%
Switzerland Bern
96%
Colombia Bogotá
96%
Brazil Brasília
96%
Belgium Brussels
96%
Romania Budapest
96%
Azerbaijan Baku
94%
Argentina Buenos Aires
94%
Hungary Bucharest
92%
Serbia Belgrade
90%
Slovakia Bratislava
88%
Guinea-Bissau Bissau
84%
Republic of the Congo Brazzaville
84%
Belize Belmopan
82%
Mali Bamako
78%
Kyrgyzstan Bishkek
76%
South Africa (Judicial) Bloemfontein
76%
Barbados Bridgetown
71%
Brunei Bandar Seri Begawan
67%
Gambia Banjul
67%
Central African Republic Bangui
63%
Saint Kitts and Nevis Basseterre
55%
No matching quizzes found
Score Distribution
Percent of People with Each Score
Percentile by Number Answered
Your Score History
You have not taken this quiz